Karibik - Hauptstädte - Statistiken

Allgemein
  • Dieses Quiz wurde 121 mal gespielt
  • Das Durchschnittsergebnis liegt bei 12 aus 27
Antwortstatistiken
Hint Antwort % Korrekt
Kuba Havanna
96%
Dominikanische Republik Santo Domingo
89%
Jamaika Kingston
88%
St. Vincent und die Grenandinen Kingstown
88%
Haiti Port-au-Prince
86%
Dominica Roseau
76%
Barbados Bridgetown
75%
Antigua und Barbuda St. John‘s
72%
St. Kitts und Nevis Basseterre
71%
Guadeloupe Basse-Terre
71%
St. Lucia Castries
71%
Grenada St. George‘s
70%
Puerto Rico San Juan
42%
Cayman Islands George Town
38%
Aruba Oranjestad
21%
Sint Eustatius Oranjestad
21%
Curacao Willemstad
20%
Martinique Fort-de-France
14%
Britische Jungferninseln Road Town
13%
Anguilla The Valley
13%
Sint Maarten Philipsburg
12%
Bonaire Kralendijk
9%
Saba The Bottom
9%
Amerikanische Jungferninseln Charlotte Amalie
8%
Saint Barthelemy Gustavia
7%
Montserrat Plymouth
7%
Sankt Martin Marigot
4%
Keine übereinstimmenden Quizze gefunden
Verteilung der Resultate
Anzahl Personen mit jedem Resultat
Perzentil nach korrekt beantworteten Fragen
Ihre Resultats-Entwicklung
Sie haben dieses Quiz noch nicht gespielt